Technology for process (Record no. 497536)

000 -LEADER
fixed length control field 00370cam a22001217a 4500
008 - FIXED-LENGTH DATA ELEMENTS--GENERAL INFORMATION
fixed length control field 180718b1983 xxu||||| |||| 00| 0 eng d
082 ## - DEWEY DECIMAL CLASSIFICATION NUMBER
Classification number T2x54/In2te
100 ## - MAIN ENTRY--PERSONAL NAME
Personal name Menon. M.G.K.
245 ## - TITLE STATEMENT
Title Technology for process
Statement of responsibility, etc. by M.G.K. Menon
260 ## - PUBLICATION, DISTRIBUTION, ETC.
Place of publication, distribution, etc. New Delhi
Name of publisher, distributor, etc. Government of India
Date of publication, distribution, etc. 1983
300 ## - PHYSICAL DESCRIPTION
Extent 34p
700 ## - ADDED ENTRY--PERSONAL NAME
Personal name India. Department of Personnel and Administrative Reforms
Holdings
Withdrawn status Lost status Damaged status Not for loan Permanent Location Current Location Date acquired Full call number Barcode Date last seen Price effective from Koha item type
        Indian Institute of Public Administration Indian Institute of Public Administration 2018-08-04 T2x54/In2te GG19524 2018-08-04 2018-08-04 GG

Powered by Koha